| 000 | 00856nam a2200265 i 4500 | ||
|---|---|---|---|
| 001 | bgj | ||
| 100 | 1 |
_aTWAIN, Mark _d(1835-1910). |
|
| 245 | 1 | 0 |
_aThe Autobiography of Mark Twain ; _cedited by Charles Neider ; adapted by Ruth B. Murray. |
| 260 |
_aWashington, D.C. : _bUnited States Information Agency, _c1985. |
||
| 300 |
_a81 pp ; _c23 cm. |
||
| 490 | 1 | _aA Ladder Edition. American Literary Classics | |
| 500 | _aSimplified edition at the 3000-word level. | ||
| 600 | 1 | 9 | _aTwain Mark, 1835-1910 |
| 650 | 9 |
_aNovelists, American _y19th century |
|
| 655 | _aBiographies | ||
| 655 | _aMemoirs | ||
| 700 | 1 |
_aNEIDER, Charles. _eed. |
|
| 700 | 1 |
_aMURRAY, Ruth B. _eed. |
|
| 830 | 0 |
_aA Ladder Edition. _pAmerican Literary Classics |
|
| 020 | _apbk | ||
| 040 | _cBPK | ||
| 041 | 0 | _aeng | |
| 942 | _cKS | ||
| 008 | s uk f |000 0 eng | ||
| 999 |
_c41279 _d41279 |
||
| 856 |
_uhttp://koha.tu.koszalin.pl/cgi-bin/koha/opac-detail.pl?biblionumber=41279 _yKatalog online BPK |
||